WHY LEADERS CAN T LEAD THE UNCONSCIOUS C (Record no. 22749)

MARC details
000 -LEADER
fixed length control field 00334nam a2200133Ia 4500
008 - FIXED-LENGTH DATA ELEMENTS--GENERAL INFORMATION
fixed length control field 240624s9999 xx 000 0 und d
041 ## - LANGUAGE CODE
Language code of text/sound track or separate title eng
082 ## - DEWEY DECIMAL CLASSIFICATION NUMBER
Classification number 303.34 BEN
100 ## - MAIN ENTRY--PERSONAL NAME
Personal name BENNIS WARREN
245 ## - TITLE STATEMENT
Title WHY LEADERS CAN T LEAD THE UNCONSCIOUS C
260 ## - PUBLICATION, DISTRIBUTION, ETC.
Date of publication, distribution, etc. 1997
Place of publication, distribution, etc. California
Name of publisher, distributor, etc. Jossey-Bass
300 ## - PHYSICAL DESCRIPTION
Extent 192 : p.
365 ## - TRADE PRICE
Currency code
Price amount 28
Holdings
Withdrawn status Lost status Damaged status Not for loan Home library Current library Shelving location Date acquired Source of acquisition Cost, normal purchase price Total Checkouts Full call number Barcode Date due Date last seen Date last checked out Copy number Price effective from Koha item type
        IMTN IMTN Rack 6-B 05/28/2014 AP 29.95 1 303.34 BEN 22749 10/14/2024 07/06/2024 07/06/2024 63.6 06/24/2024 Books
Designed & Maintained by: LRC IMT Nagpur Contact: lrc@imtnag.ac.in© 2024. All Rights Reserved.